000 00627nam a2200205Ia 4500
003 GCL
008 140319s9999 xx 000 0 ara d
040 _aGCL /
_cGCL
082 0 4 _a247.7
_bا ا
100 1 _aاحمد محمود صبحى
245 1 0 _aالامام المجتهد يحيى بن حمزة وأرأوة الكلامية /
_cاحمد محمود صبحى
300 _a399 ص
490 _a
650 0 4 _aالفلسفة الاسلامية
650 0 4 _aالزيدية
650 0 4 _aالامامة عند الشيعة
650 0 4 _aعلم الكلام
650 0 4 _aيحيى بن حمزة
942 _2ddc
_cBK
999 _c37534
_d37534